000 00726nam a2200181 a 4500
001 000032883
005 20240409073643.0
008 110801s1932 dr r 000 0dspa d
040 _aDO-SdBNP
_bspa
_cBNPHU
082 _aF-RD 98
100 1 _aHernández Franco, T.
_958630
245 1 4 _aLos dos años de gobierno del presidente Trujillo :
_bagosto 1930- agosto 1932 /
_cT. Hernández Franco.
260 _aCiudad Trujillo, República Dominicana :
_bLa Información,
_c1932.
300 _a31 p. :
_bil., retr. ;
_c19 cm.
600 1 0 _aTrujillo Molina, Rafael Leónidas,
_d 1891-1961
_976764
651 4 _aRepública Dominicana
_xPolítica Y Gobierno
_yERA DE TRUJILLO, 1930-1961
_91374
910 _aValidado. Control de calidad. EMS
999 _c32374
_d32374